[Event "DVM U14 2013"]
[Site "Magdeburg GER"]
[Date "2013.12.28"]
[Round "4"]
[White "Keymer, Vincent"]
[Black "Leeb, Simon"]
[Result "1-0"]
[Termination "normal"]
[Board "1.2"]
[WhiteElo "1933"]
[BlackElo "1789"]
[WhiteTeam "SK Gau-Algesheim"]
[BlackTeam "SK München Südost"]
[WhiteFideId "12940690"]
[BlackFideId "12924768"]
[EventCountry "GER"]
[EventRounds "7"]
[EventType "team-swiss"]
[EventDate "2013.12.26"]

1. d4 d5 2. c4 c6 3. Nc3 Nf6 4. Nf3 a6 5. e3 b5 6. b3 Bf5 7. Nh4 e6 8. Nxf5
exf5 9. Bb2 Bb4 10. a3 Ba5 11. Qc2 Ne4 12. Bd3 Bc7 13. cxd5 cxd5 14. Nxd5 Qxd5
15. Qxc7 Qxb3 16. Bxe4 fxe4 17. Qc8+ Ke7 18. Qxh8 Qxb2 19. O-O Qb3 20. Qxg7 Nd7
21. Qxh7 Qe6 22. d5 Qe5 23. d6+ Ke6 24. Qh6+ f6 25. f4 exf3 26. Qh3+ f5 27.
Qxf3 Rh8 28. Qf4 Rg8 29. Qxe5+ Nxe5 30. a4 b4 31. a5 Rb8 32. Rfd1 Kd7 33. Rd5
Ke6 34. Rd4 Nc6 35. Rc4 Kd7 36. Rc5 Kxd6 37. Rxf5 Ke6 38. Raf1 Kd7 39. Rf7+ Ne7
40. Rd1+ Ke8 41. Rf6 Rb5 42. Rxa6 b3 43. Rb6 Rxa5 44. Rxb3 Re5 45. Kf2 Rf5+ 46.
Ke2 Re5 47. g4 Kf7 48. Rb7 Kf6 49. h4 Ke6 50. Ra7 Kf7 51. Rdd7 Kf6 52. g5+ Kf7
1-0

[Event "DVM U14 2013"]
[Site "Magdeburg GER"]
[Date "2013.12.28"]
[Round "4"]
[White "Bergauz, Igal"]
[Black "Grieb, Lukas"]
[Result "0-1"]
[Termination "normal"]
[Board "1.3"]
[WhiteElo "1665"]
[BlackElo "1599"]
[WhiteTeam "SK München Südost"]
[BlackTeam "SK Gau-Algesheim"]
[WhiteFideId "12977284"]
[BlackFideId "1271993"]
[EventCountry "GER"]
[EventRounds "7"]
[EventType "team-swiss"]
[EventDate "2013.12.26"]

1. e4 c5 2. Nf3 Nc6 3. d4 cxd4 4. Nxd4 Nf6 5. Nc3 e6 6. Be3 Bb4 7. f3 d5 8. Bb5
Bd7 9. a3 Bxc3+ 10. bxc3 dxe4 11. O-O Nd5 12. Qd2 exf3 13. Rxf3 Nxe3 14. Qxe3
Nxd4 15. Bxd7+ Qxd7 16. cxd4 Rc8 17. c3 O-O 18. Raf1 Rc7 19. Rh3 Rfc8 20. Qd2
Qd6 21. a4 Qd7 22. Qd3 h6 23. Qd2 Qxa4 24. g4 Qa5 25. Rff3 Qg5 26. Rf4 Rxc3 27.
Rh5 Rc1+ 28. Kf2 R1c2 29. Rxg5 Rxd2+ 30. Ke1 hxg5 0-1

[Event "DVM U14 2013"]
[Site "Magdeburg GER"]
[Date "2013.12.28"]
[Round "4"]
[White "Erlekam, Simon"]
[Black "Huber, Benedikt"]
[Result "1/2-1/2"]
[Termination "normal"]
[Board "1.4"]
[WhiteElo "1791"]
[BlackElo "1696"]
[WhiteTeam "SK Gau-Algesheim"]
[BlackTeam "SK München Südost"]
[WhiteFideId "12921416"]
[BlackFideId "12923583"]
[EventCountry "GER"]
[EventRounds "7"]
[EventType "team-swiss"]
[EventDate "2013.12.26"]

1. e4 e6 2. d4 d5 3. Nc3 Nf6 4. Bg5 Bb4 5. e5 h6 6. exf6 hxg5 7. fxg7 Rg8 8.
Qh5 Qf6 9. Nf3 Qxg7 10. Bb5+ Bd7 11. Bxd7+ Nxd7 12. h4 g4 13. Ne5 Nxe5 14. Qxe5
Qxe5+ 15. dxe5 d4 16. a3 Bxc3+ 17. bxc3 dxc3 18. Rb1 O-O-O 19. Rb3 Rd5 20. Rxc3
Rxe5+ 21. Re3 Rc5 22. Kd2 Rf5 23. Ke2 Rc5 24. Kd2 Rh5 25. g3 Re8 26. Kc3 f6 27.
Re4 Rg8 28. Rd1 Re8 29. Rde1 Rf5 30. R1e2 a5 31. Kc4 Rf3 32. R4e3 Rf4+ 33. Re4
Rf3 34. R4e3 Rf5 35. Re4 1/2-1/2

[Event "DVM U14 2013"]
[Site "Magdeburg GER"]
[Date "2013.12.28"]
[Round "4"]
[White "Rockmann, Jan-Okke"]
[Black "Kololli, Kevin"]
[Result "0-1"]
[Termination "normal"]
[Board "2.1"]
[WhiteElo "1752"]
[BlackElo "1987"]
[WhiteTeam "SK Bremen-Nord"]
[BlackTeam "Lübecker SV"]
[WhiteFideId "12942111"]
[BlackFideId "12936863"]
[EventCountry "GER"]
[EventRounds "7"]
[EventType "team-swiss"]
[EventDate "2013.12.26"]

1. e4 c5 2. Nf3 d6 3. d4 cxd4 4. Nxd4 Nf6 5. Nc3 g6 6. Be3 Bg7 7. f3 O-O 8. Qd2
Nc6 9. Bc4 Nxd4 10. Bxd4 Be6 11. Bxe6 fxe6 12. O-O Qa5 13. Rfe1 Nd7 14. Rad1
Bxd4+ 15. Qxd4 Rac8 16. Kh1 Qc5 17. Qa4 Ne5 18. Qb3 Nc4 19. Qxb7 Nxb2 20. Qxb2
Qxc3 21. Qb3 Qxb3 22. cxb3 Rc2 23. a4 Rb8 24. Rb1 Rc3 25. b4 Rc4 26. b5 Rxa4
27. Rec1 Kf7 28. h3 Ra5 29. Rc7 a6 30. Ra7 Raxb5 31. Ra1 Rb1+ 32. Rxb1 Rxb1+
33. Kh2 Ra1 34. Kg3 Ra2 35. f4 a5 36. Kf3 a4 37. g3 Ra3+ 38. Kf2 Ra2+ 39. Kf3
a3 40. g4 Ra1 41. Kf2 a2 42. Kg2 d5 0-1

[Event "DVM U14 2013"]
[Site "Magdeburg GER"]
[Date "2013.12.28"]
[Round "4"]
[White "Rieß, Alexander"]
[Black "Reimers, Juri"]
[Result "1-0"]
[Termination "normal"]
[Board "2.2"]
[WhiteElo "1776"]
[BlackElo "1777"]
[WhiteTeam "Lübecker SV"]
[BlackTeam "SK Bremen-Nord"]
[WhiteFideId "12953326"]
[BlackFideId "24661511"]
[EventCountry "GER"]
[EventRounds "7"]
[EventType "team-swiss"]
[EventDate "2013.12.26"]

1. e4 g6 2. d4 Bg7 3. Nc3 c5 4. d5 d6 5. Bb5+ Nd7 6. a4 a6 7. Be2 Ngf6 8. f4
O-O 9. Nf3 Ne8 10. O-O Rb8 11. Kh1 Nc7 12. a5 b5 13. axb6 Rxb6 14. Qe1 Nb5 15.
Nxb5 axb5 16. Qg3 Nf6 17. Nd2 e6 18. dxe6 Bxe6 19. Bf3 Qc7 20. Rd1 Rd8 21. Nf1
d5 22. e5 Ne8 23. Ne3 d4 24. Ng4 Bf5 25. Rd2 Re6 26. h3 f6 27. Re2 Re7 28. Ra6
fxe5 29. Nxe5 Nf6 30. Qh4 Nd5 31. Bxd5+ Rxd5 32. Ra8+ Bf8 33. Qf6 Bc8 34. Nxg6
hxg6 35. Rxe7 Bxe7 36. Qe6+ Kg7 37. Rxc8 Qd6 38. Rg8+ Kh6 39. f5+ Bg5 40. Rxg6+
1-0

[Event "DVM U14 2013"]
[Site "Magdeburg GER"]
[Date "2013.12.28"]
[Round "4"]
[White "Reimers, Kim"]
[Black "Tiedemann, Fin Niklas"]
[Result "1/2-1/2"]
[Termination "normal"]
[Board "2.3"]
[WhiteElo "1645"]
[BlackElo "1526"]
[WhiteTeam "SK Bremen-Nord"]
[BlackTeam "Lübecker SV"]
[WhiteFideId "12930377"]
[BlackFideId "12936936"]
[EventCountry "GER"]
[EventRounds "7"]
[EventType "team-swiss"]
[EventDate "2013.12.26"]

1. e4 e5 2. Nf3 Nc6 3. d4 exd4 4. Nxd4 Nf6 5. Nxc6 bxc6 6. Bd3 d6 7. O-O Be7 8.
Nd2 O-O 9. f4 d5 10. e5 Bc5+ 11. Kh1 Ng4 12. Qf3 f6 13. Nb3 Nf2+ 14. Rxf2 Bxf2
15. Qxf2 fxe5 16. Qg3 e4 17. Be2 Qf6 18. Be3 g6 19. c3 a5 20. Rf1 a4 21. Nd2
Rb8 22. Bd4 Qe7 23. b4 axb3 24. axb3 c5 25. Be5 Bf5 26. Qe3 Ra8 27. g4 Bc8 28.
Qg3 Re8 29. Bb5 Ba6 30. Bxa6 Rxa6 31. c4 c6 32. h4 Ra2 33. Rf2 e3 34. Qxe3
Qxh4+ 35. Kg1 1/2-1/2

[Event "DVM U14 2013"]
[Site "Magdeburg GER"]
[Date "2013.12.28"]
[Round "4"]
[White "Dörp, Max Marian"]
[Black "Schmidt, Bjarne"]
[Result "1/2-1/2"]
[Termination "normal"]
[Board "2.4"]
[WhiteElo "1183"]
[BlackElo "1394"]
[WhiteTeam "Lübecker SV"]
[BlackTeam "SK Bremen-Nord"]
[WhiteFideId "12983551"]
[BlackFideId "12965774"]
[EventCountry "GER"]
[EventRounds "7"]
[EventType "team-swiss"]
[EventDate "2013.12.26"]

1. e4 d6 2. d4 Nf6 3. Nc3 g6 4. Nf3 Bg7 5. Bc4 c5 6. dxc5 Qa5 7. Bd2 Qxc5 8.
Bb3 O-O 9. h3 Nc6 10. O-O Bd7 11. Re1 Rac8 12. Qe2 Rfe8 13. Rad1 Ne5 14. Na4
Nxf3+ 15. Qxf3 Qc7 16. Nc3 Bc6 17. Bf4 Qa5 18. Rd3 Kh8 19. Ne2 Kg8 20. c3 Rcd8
21. Bh2 d5 22. exd5 Nxd5 23. Red1 Nf6 1/2-1/2

[Event "DVM U14 2013"]
[Site "Magdeburg GER"]
[Date "2013.12.28"]
[Round "4"]
[White "Böhning, Kilian"]
[Black "Hartge, Gedeon"]
[Result "1-0"]
[Termination "normal"]
[Board "3.1"]
[WhiteElo "1924"]
[BlackElo "1808"]
[WhiteTeam "Hagener SV"]
[BlackTeam "USV Volksbank Halle"]
[WhiteFideId "1270499"]
[BlackFideId "12932116"]
[EventCountry "GER"]
[EventRounds "7"]
[EventType "team-swiss"]
[EventDate "2013.12.26"]

1. d4 Nf6 2. c4 c5 3. d5 b5 4. cxb5 a6 5. b6 Qxb6 6. Nc3 d6 7. e4 g6 8. h3 Bg7
9. Nf3 Nbd7 10. Bd3 O-O 11. O-O Ne8 12. Qe2 Nc7 13. Bg5 Re8 14. Rab1 Rb8 15.
Nd2 Nb5 16. Nc4 Qc7 17. Nd1 Nb6 18. Bd2 Nxc4 19. Bxc4 Bd7 20. Qd3 Rb7 21. Ne3
Reb8 22. b3 Na3 23. Rbc1 Nxc4 24. Nxc4 Bb5 25. f4 Bd4+ 26. Kh1 Qd7 27. Qg3 Bxc4
28. Rxc4 Bg7 29. Re1 Rb5 30. Qd3 Rd8 31. Ra4 Qb7 32. Re2 Rd7 33. h4 Qc8 34. Qg3
Ra7 35. h5 Ra8 36. Rf2 Qe8 37. f5 Rb7 38. Qg4 Be5 39. g3 Bg7 40. fxg6 fxg6 41.
Qe6+ Kh8 42. Rf7 Qd7 43. h6 Be5 44. Rxa6 Re8 45. Bg5 Qxe6 46. dxe6 Kg8 47. Bxe7
Rb4 48. Ra7 Rxe4 49. Bxd6 Ba1 50. Bxc5 R4xe6 51. Rfe7 R6xe7 52. Rxe7 Rxe7 53.
Bxe7 Kf7 54. Bg5 Ke6 55. Kg2 Bc3 56. Kf3 Bb4 57. Ke4 Bf8 58. g4 Bb4 59. Bc1 Kf6
60. g5+ 1-0

[Event "DVM U14 2013"]
[Site "Magdeburg GER"]
[Date "2013.12.28"]
[Round "4"]
[White "Schulte, Felix"]
[Black "Balazs, Balint"]
[Result "0-1"]
[Termination "normal"]
[Board "3.2"]
[WhiteElo "1810"]
[BlackElo "1846"]
[WhiteTeam "USV Volksbank Halle"]
[BlackTeam "Hagener SV"]
[WhiteFideId "12914800"]
[BlackFideId "12922757"]
[EventCountry "GER"]
[EventRounds "7"]
[EventType "team-swiss"]
[EventDate "2013.12.26"]

1. e4 d5 2. exd5 Qxd5 3. Nc3 Qa5 4. d4 Nf6 5. Bc4 Nc6 6. Nge2 Bg4 7. f3 Be6 8.
Bxe6 fxe6 9. O-O O-O-O 10. Qe1 Qf5 11. Ng3 Qxc2 12. Rf2 Qg6 13. Qxe6+ Kb8 14.
Be3 Nd5 15. Qxg6 hxg6 16. Nxd5 Rxd5 17. Rd2 e6 18. Ne4 Bb4 19. Nc3 Rd7 20. Rad1
Rhd8 21. Bg5 Be7 22. Bxe7 Nxe7 23. Re2 Nf5 24. Rxe6 Nxd4 25. Ree1 c5 26. Kf2
Kc7 27. Rc1 b6 28. Ne4 a5 29. Ng5 Kc6 30. Ne6 Nxe6 31. Rxe6+ Rd6 32. Rce1 Kb5
33. R6e4 c4 34. Re5+ Kb4 35. R1e4 b5 36. h4 a4 37. g4 a3 38. b3 Rd2+ 39. Re2
Kc3 40. bxc4 bxc4 41. Ke1 Rd1+ 42. Kf2 R8d2 43. h5 Rxe2+ 44. Rxe2 gxh5 45. gxh5
Rh1 46. Re3+ Kb2 47. Re2+ Kb1 48. Ke3 Rd1 49. h6 gxh6 50. f4 c3 51. f5 c2 52.
Rxc2 0-1

[Event "DVM U14 2013"]
[Site "Magdeburg GER"]
[Date "2013.12.28"]
[Round "4"]
[White "Laubrock, Paul"]
[Black "Kretzschmar, Arnd"]
[Result "1/2-1/2"]
[Termination "normal"]
[Board "3.3"]
[WhiteElo "1751"]
[BlackElo "1847"]
[WhiteTeam "Hagener SV"]
[BlackTeam "USV Volksbank Halle"]
[WhiteFideId "1270509"]
[BlackFideId "12914835"]
[EventCountry "GER"]
[EventRounds "7"]
[EventType "team-swiss"]
[EventDate "2013.12.26"]

1. e4 c5 2. Nc3 Nc6 3. Nf3 d6 4. d4 cxd4 5. Nxd4 Nf6 6. Bg5 Qb6 7. Bb5 Bd7 8.
Bxc6 bxc6 9. Nb3 g6 10. O-O Bg7 11. Qd2 Qc7 12. Rad1 Rd8 13. Rfe1 O-O 14. Qe2
Bc8 15. Bf4 Nd7 16. Qe3 Ne5 17. Nd2 Ba6 18. Bxe5 Bxe5 19. Nf3 Bg7 20. e5 dxe5
21. Rxd8 Rxd8 22. Nxe5 Qxe5 23. Qxe5 Bxe5 1/2-1/2

[Event "DVM U14 2013"]
[Site "Magdeburg GER"]
[Date "2013.12.28"]
[Round "4"]
[White "Perekhozhuk, Maksym"]
[Black "Hoppe, Andreas"]
[Result "1/2-1/2"]
[Termination "normal"]
[Board "3.4"]
[WhiteElo "1731"]
[BlackElo "1715"]
[WhiteTeam "USV Volksbank Halle"]
[BlackTeam "Hagener SV"]
[WhiteFideId "12914860"]
[BlackFideId "12922811"]
[EventCountry "GER"]
[EventRounds "7"]
[EventType "team-swiss"]
[EventDate "2013.12.26"]

1. e4 e6 2. d4 d5 3. Nd2 Nf6 4. e5 Nfd7 5. Bd3 c5 6. c3 Nc6 7. Ne2 cxd4 8. cxd4
f6 9. exf6 Qxf6 10. Nf3 h6 11. O-O Bd6 12. Bb1 O-O 13. Qd3 Rd8 14. Ng3 Nf8 15.
a3 Bd7 16. Be3 Be8 17. Qb3 Na5 18. Qc3 Nc4 19. Re1 Rac8 20. Qb3 Nb6 21. Qd1 Rc7
22. Bd3 Rdc8 23. Qe2 Nc4 24. Rab1 Nxe3 25. Qxe3 Bf4 26. Qe2 Qe7 27. Ne5 Qg5 28.
Nf3 Qe7 29. Ne5 Qf6 30. Qg4 Bxe5 31. dxe5 Qe7 32. h3 Bf7 33. Kh2 Qe8 34. f4 h5
35. Qf3 g6 36. Qf2 a6 37. Ne2 Nd7 38. Nd4 Nc5 39. Bf1 Ne4 40. Qe3 Kg7 41. Bd3
Nc5 42. Rf1 Nxd3 43. Qxd3 Rc4 44. Rfd1 Qd8 45. Qe3 Kg8 46. Qb3 Qe7 47. Qe3 Qc5
48. Qd3 Qb6 49. Qd2 Qc5 50. Qe3 b5 51. Qd3 Rb8 52. Qe3 b4 53. Rbc1 bxa3 54.
bxa3 Rc8 55. Rxc4 Qxc4 56. Qg3 Kh7 57. Nf3 Qc3 58. Ng5+ Kg7 59. Rd3 Qc4 60. Rf3
d4 61. Nxf7 Kxf7 62. Qg5 Rg8 63. Qg3 Rd8 64. Qg5 Rg8 65. Qg3 Qc7 66. Rd3 Rd8
67. Qh4 Qe7 68. Qf2 Qd7 69. Qg3 Qa7 70. Qg5 Qe7 71. Qh6 Qf8 72. Qh7+ Qg7 73.
Qxg7+ Kxg7 74. Kg3 Kf7 75. Kf3 Ke7 76. Ke4 Rc8 77. g3 h4 78. g4 Rc2 79. Kxd4
Re2 80. Re3 Rd2+ 81. Ke4 Ra2 82. f5 gxf5+ 83. gxf5 exf5+ 84. Kxf5 Rg2 85. a4
Rg3 86. Kf4 Rg6 87. Rb3 Kf7 88. a5 Rg1 89. Rf3 Ra1 90. Kg4+ Ke7 91. Kxh4 Rxa5
92. Re3 Ke6 93. Kg5 Rxe5+ 94. Rxe5+ Kxe5 95. h4 Ke6 1/2-1/2

[Event "DVM U14 2013"]
[Site "Magdeburg GER"]
[Date "2013.12.28"]
[Round "4"]
[White "Philipp, Mathias"]
[Black "Ramien, David"]
[Result "1/2-1/2"]
[Termination "normal"]
[Board "4.1"]
[WhiteElo "1744"]
[BlackElo "1808"]
[WhiteTeam "SSV Vimaria Weimar"]
[BlackTeam "SG Porz"]
[WhiteFideId "12958883"]
[BlackFideId "12948241"]
[EventCountry "GER"]
[EventRounds "7"]
[EventType "team-swiss"]
[EventDate "2013.12.26"]

1. e4 e5 2. Nf3 Nc6 3. d4 exd4 4. Nxd4 Bb4+ 5. c3 Bc5 6. Be3 Bb6 7. Nd2 Nf6 8.
Bc4 O-O 9. O-O Re8 10. Nxc6 bxc6 11. Bxb6 axb6 12. Qb3 d5 13. exd5 cxd5 14. Bb5
Bd7 15. Bxd7 Qxd7 16. Rfe1 h6 17. h3 Qd6 18. Nf3 c5 19. a3 Rxe1+ 20. Rxe1 Re8
21. Rxe8+ Nxe8 22. Qc2 Nc7 23. Qf5 Qe6 24. Qe5 Na6 25. b4 Qxe5 26. Nxe5 Nb8 27.
Nd3 1/2-1/2

[Event "DVM U14 2013"]
[Site "Magdeburg GER"]
[Date "2013.12.28"]
[Round "4"]
[White "Yang, Daniel"]
[Black "Latka, Richard"]
[Result "0-1"]
[Termination "normal"]
[Board "4.2"]
[WhiteElo "1566"]
[BlackElo "1485"]
[WhiteTeam "SG Porz"]
[BlackTeam "SSV Vimaria Weimar"]
[WhiteFideId "12946273"]
[BlackFideId "24690082"]
[EventCountry "GER"]
[EventRounds "7"]
[EventType "team-swiss"]
[EventDate "2013.12.26"]

1. d4 Nf6 2. c4 e5 3. dxe5 Ng4 4. Nf3 Bc5 5. e3 Nc6 6. Nc3 Ngxe5 7. Bd3 O-O 8.
O-O d6 9. Nxe5 Nxe5 10. b3 Qh4 11. Ne4 Nxd3 12. Qxd3 Bf5 13. f3 Rae8 14. Qc3
Bxe4 15. fxe4 Qxe4 16. Rf3 Qe5 17. Qxe5 Rxe5 18. Bd2 Rfe8 19. Re1 d5 20. b4 Bf8
21. Bc3 Re4 22. cxd5 Bxb4 23. Bxb4 Rxb4 24. Rc1 Rc8 25. Rf2 Rb6 26. Rfc2 c6 27.
e4 f6 28. Kf2 Kf7 29. Ke3 Ke7 30. g4 Kd6 31. dxc6 Rbxc6 32. Rd1+ Ke6 33. Rb2
Rc3+ 34. Kd2 R3c7 35. Ke3 b6 36. Rbd2 Rc3+ 37. Ke2 Rc2 38. Ke3 R8c3+ 39. Kd4
Rxd2+ 40. Rxd2 Rh3 41. Rc2 Kd7 42. Kd5 Rd3+ 43. Kc4 Rd6 44. Kb5 Rd4 45. Re2 Ke6
46. Ka6 Ra4+ 47. Kb5 Ra5+ 48. Kc6 Ke5 49. Kb7 Kf4 50. h3 Kf3 51. Re1 Rxa2 52.
e5 fxe5 53. Rxe5 Kg3 54. Re3+ Kh4 55. Re7 Kxh3 56. Rxg7 b5 57. Rxh7+ Kxg4 58.
Kc6 b4 59. Rb7 a5 60. Kc5 Ra3 61. Kc4 Kf3 62. Rd7 Ke2 63. Rd4 b3 64. Kc3 a4 65.
Rh4 Ra1 66. Rh2+ Kf3 67. Rb2 Rc1+ 68. Kb4 Ra1 69. Kc3 Re1 70. Rd2 Rb1 71. Rd3+
Kf2 72. Rd2+ Ke1 73. Rh2 Rc1+ 74. Kb2 Rd1 75. Ka3 Ra1+ 76. Kb4 Ra2 77. Rh1+ Kd2
78. Rh2+ Kd3 79. Rh3+ Kd4 80. Rh4+ Ke5 81. Rh1 b2 82. Rb1 a3 0-1

[Event "DVM U14 2013"]
[Site "Magdeburg GER"]
[Date "2013.12.28"]
[Round "4"]
[White "Grabolle, Anton"]
[Black "Kagan, Dennis"]
[Result "1-0"]
[Termination "normal"]
[Board "4.3"]
[WhiteElo "1105"]
[BlackElo "1571"]
[WhiteTeam "SSV Vimaria Weimar"]
[BlackTeam "SG Porz"]
[WhiteFideId "12983675"]
[BlackFideId "12983578"]
[EventCountry "GER"]
[EventRounds "7"]
[EventType "team-swiss"]
[EventDate "2013.12.26"]

1. e4 c5 2. Nf3 d6 3. d4 cxd4 4. Nxd4 Nf6 5. Nc3 g6 6. f3 Bg7 7. Bc4 O-O 8. Be3
Nc6 9. Qd2 Bd7 10. h3 Qa5 11. g4 Rfc8 12. Nb3 Qd8 13. h4 Ne5 14. Be2 Nc4 15.
Bxc4 Rxc4 16. Bh6 Bh8 17. h5 Qc7 18. hxg6 hxg6 19. O-O-O b5 20. Rh2 Rc8 21.
Rdh1 e6 22. Bg5 Bg7 23. Rh8+ Bxh8 24. Rxh8+ Kxh8 25. Bxf6+ Kh7 26. Qh2+ 1-0

[Event "DVM U14 2013"]
[Site "Magdeburg GER"]
[Date "2013.12.28"]
[Round "4"]
[White "Sewald, Richard"]
[Black "Katzschmann, Christian"]
[Result "1-0"]
[Termination "normal"]
[Board "4.4"]
[WhiteElo "1382"]
[BlackElo "1221"]
[WhiteTeam "SG Porz"]
[BlackTeam "SSV Vimaria Weimar"]
[WhiteFideId "12983586"]
[BlackFideId "12983667"]
[EventCountry "GER"]
[EventRounds "7"]
[EventType "team-swiss"]
[EventDate "2013.12.26"]

1. Nf3 e6 2. g3 d5 3. Bg2 Nf6 4. d3 Bc5 5. Nbd2 O-O 6. O-O Nbd7 7. h3 Re8 8.
Re1 e5 9. e4 dxe4 10. Nxe4 Nxe4 11. dxe4 c6 12. c3 Qb6 13. Qc2 Nf6 14. b4 Bd6
15. Bg5 Be7 16. Nxe5 Nxe4 17. Bxe7 Rxe7 18. Bxe4 Rxe5 19. Bxh7+ Kh8 20. Rxe5 g6
21. Bxg6 fxg6 22. Qxg6 Qd8 23. Re8+ Qxe8 24. Qxe8+ 1-0

[Event "DVM U14 2013"]
[Site "Magdeburg GER"]
[Date "2013.12.28"]
[Round "4"]
[White "Renger, Niklas"]
[Black "von Angern, Cedric"]
[Result "1-0"]
[Termination "normal"]
[Board "5.1"]
[WhiteElo "1727"]
[BlackElo "1601"]
[WhiteTeam "SG Grün-Weiß Dresden"]
[BlackTeam "SG Aufbau Elbe Magdeburg"]
[WhiteFideId "12908096"]
[BlackFideId "12921106"]
[EventCountry "GER"]
[EventRounds "7"]
[EventType "team-swiss"]
[EventDate "2013.12.26"]

1. e4 c5 2. Nf3 a6 3. c3 d5 4. exd5 Qxd5 5. d4 Bg4 6. Be2 e6 7. O-O Nf6 8. Bf4
Nc6 9. dxc5 Qxd1 10. Rxd1 Bxc5 11. Re1 O-O 12. Ne5 Nxe5 13. Bxe5 Bxe2 14. Rxe2
Nd5 15. Nd2 Rfd8 16. Ne4 Be7 17. Rd2 Rd7 18. Rad1 Rad8 19. c4 Bb4 20. Bc3 Nxc3
21. Rxd7 Rxd7 22. Rxd7 Nxe4 23. Rxb7 Bd6 24. b4 Nc3 25. c5 Be5 26. c6 Nb5 27.
a4 Nc3 28. c7 1-0

[Event "DVM U14 2013"]
[Site "Magdeburg GER"]
[Date "2013.12.28"]
[Round "4"]
[White "Rößler, Linus Benedict"]
[Black "Sack, Carl-Anton"]
[Result "0-1"]
[Termination "normal"]
[Board "5.2"]
[WhiteElo "1566"]
[BlackElo "1553"]
[WhiteTeam "SG Aufbau Elbe Magdeburg"]
[BlackTeam "SG Grün-Weiß Dresden"]
[WhiteFideId "12921076"]
[BlackFideId "1270309"]
[EventCountry "GER"]
[EventRounds "7"]
[EventType "team-swiss"]
[EventDate "2013.12.26"]

1. e4 c5 2. Nf3 d6 3. d4 cxd4 4. Nxd4 Nf6 5. Nc3 a6 6. Be3 e6 7. f3 b5 8. Qd2
Nbd7 9. O-O-O Bb7 10. g4 Nb6 11. h4 Nfd7 12. Qf2 Rc8 13. g5 Nc4 14. Bxc4 Rxc4
15. h5 Rxc3 16. bxc3 Qa5 17. Kd2 Ne5 18. Nb3 Nc4+ 19. Kd3 Ne5+ 20. Kd2 Nc4+ 21.
Ke2 Qxc3 22. Rc1 d5 23. Bd4 Qb4 24. e5 a5 25. c3 Qa3 26. Rc2 b4 27. Kf1 Be7 28.
f4 bxc3 29. Rxc3 a4 30. Na5 Qb4 31. Nxb7 Qxb7 32. Kg2 h6 33. gxh6 Rxh6 34. Rcc1
g6 35. hxg6 Rxg6+ 36. Kf3 Qb4 37. Rcg1 Qa3+ 38. Be3 d4 39. Re1 dxe3 40. Qe2 0-1

[Event "DVM U14 2013"]
[Site "Magdeburg GER"]
[Date "2013.12.28"]
[Round "4"]
[White "Schuler, Max"]
[Black "Wagner, Tobias"]
[Result "1-0"]
[Termination "normal"]
[Board "5.3"]
[WhiteElo "1426"]
[BlackElo "1423"]
[WhiteTeam "SG Grün-Weiß Dresden"]
[BlackTeam "SG Aufbau Elbe Magdeburg"]
[WhiteFideId "12964913"]
[BlackFideId "12943452"]
[EventCountry "GER"]
[EventRounds "7"]
[EventType "team-swiss"]
[EventDate "2013.12.26"]

1. e4 e5 2. Nf3 d6 3. d4 exd4 4. Nxd4 Nf6 5. Nc3 Be7 6. Bc4 O-O 7. O-O Nxe4 8.
Nxe4 d5 9. Bxd5 Qxd5 10. Nc3 Qd7 11. Be3 b6 12. Ndb5 Na6 13. Re1 Rd8 14. Qe2
Bf6 15. Rad1 Qe6 16. Rxd8+ Bxd8 17. Bf4 c6 18. Nd4 Qxe2 19. Rxe2 Bd7 20. Rd2
Be7 21. Nf3 Be6 22. Nd4 Rd8 23. Nxc6 Rxd2 24. Bxd2 Bf6 25. a3 Bf5 26. Nxa7 Bxc2
27. Nab5 Kf8 28. Be3 Nc5 29. Bxc5+ bxc5 30. a4 Ke8 31. Kf1 Bd3+ 32. Ke1 Bxb5
33. axb5 Kd7 34. Kd2 Bd4 35. f3 Kd6 36. Kd3 Bg1 37. h3 Ke5 38. Kc4 Bd4 39. Na4
f5 40. Nxc5 1-0

[Event "DVM U14 2013"]
[Site "Magdeburg GER"]
[Date "2013.12.28"]
[Round "4"]
[White "Lellek, Lewin Louis"]
[Black "Michel, Richard"]
[Result "0-1"]
[Termination "normal"]
[Board "5.4"]
[WhiteElo "1270"]
[BlackElo "1608"]
[WhiteTeam "SG Aufbau Elbe Magdeburg"]
[BlackTeam "SG Grün-Weiß Dresden"]
[WhiteFideId "12971820"]
[BlackFideId "1270310"]
[EventCountry "GER"]
[EventRounds "7"]
[EventType "team-swiss"]
[EventDate "2013.12.26"]

1. e4 c5 2. Nf3 d6 3. d4 cxd4 4. Nxd4 Nf6 5. Nc3 g6 6. f3 Bg7 7. Be3 O-O 8. Qd2
Nc6 9. Bc4 Bd7 10. Bh6 Bxh6 11. Qxh6 Nxd4 12. O-O-O Qb6 13. Qe3 Nb3+ 14. Bxb3
Qxe3+ 15. Kb1 a5 16. Rhe1 Qc5 17. a3 b5 18. a4 bxa4 19. Nxa4 Bxa4 20. Bxa4 Qb4
21. b3 Rab8 22. Ka2 Qc3 23. Re2 Rfc8 24. Rc1 Rb4 25. Rb1 Rd4 26. Rb2 Rd2 27.
Rxd2 Qxd2 28. c4 Qb4 29. h3 Rc7 30. Kb1 Nd7 31. Ka2 Nc5 32. Bb5 Nd3 33. Rc2 Qe1
34. Ka3 Nb4 35. Kb2 Nxc2 36. Kxc2 Qe2+ 37. Kc3 Rc5 38. Ba4 Qxg2 39. b4 axb4+
40. Kxb4 Qd2+ 41. Kb3 Qd3+ 42. Kb4 Qxc4+ 43. Ka3 Ra5 0-1

[Event "DVM U14 2013"]
[Site "Magdeburg GER"]
[Date "2013.12.28"]
[Round "4"]
[White "Weis, Olga"]
[Black "Berezhnoy, Alex"]
[Result "1-0"]
[Termination "normal"]
[Board "6.1"]
[WhiteElo "1736"]
[BlackElo "1755"]
[WhiteTeam "OSG Baden-Baden"]
[BlackTeam "VfSuF Düsseldorf-Süd"]
[WhiteFideId "1270234"]
[BlackFideId "12918997"]
[EventCountry "GER"]
[EventRounds "7"]
[EventType "team-swiss"]
[EventDate "2013.12.26"]

1. e4 e5 2. Bc4 Nf6 3. d3 d5 4. exd5 Nxd5 5. Qf3 Nf6 6. Nd2 Bg4 7. Qxb7 Nbd7 8.
Ngf3 Be7 9. O-O O-O 10. Qb3 Rb8 11. Qa4 Bb4 12. c3 Bc5 13. Qc2 Re8 14. Ng5 Bh5
15. Nge4 Nxe4 16. Nxe4 Be7 17. Be3 Nb6 18. Bb3 Kh8 19. Ng3 Bg6 20. Rad1 Bg5 21.
Bxg5 Qxg5 22. Ne4 Qh4 23. Qe2 Rbd8 24. f3 f5 25. Nf2 Nd5 26. Bxd5 Rxd5 27. Qe3
Qa4 28. a3 Rb8 29. c4 Ra5 30. b4 f4 31. Qe2 Ra6 32. Qxe5 Re8 33. Qxf4 Qxa3 34.
b5 Rd6 35. d4 Rde6 36. Qxc7 Re2 37. d5 Qe3 38. h3 Bc2 39. Ra1 Re7 40. Qc6 Qd4
41. d6 Re8 42. d7 Rd8 43. Rae1 Qe3 44. Qc8 Qg5 45. Rxe2 Bg6 46. Re8+ 1-0

[Event "DVM U14 2013"]
[Site "Magdeburg GER"]
[Date "2013.12.28"]
[Round "4"]
[White "Surguchov, Alexander"]
[Black "Toptschiev, David"]
[Result "1/2-1/2"]
[Termination "normal"]
[Board "6.2"]
[WhiteElo "1717"]
[BlackElo "1835"]
[WhiteTeam "VfSuF Düsseldorf-Süd"]
[BlackTeam "OSG Baden-Baden"]
[WhiteFideId "1272035"]
[BlackFideId "12968005"]
[EventCountry "GER"]
[EventRounds "7"]
[EventType "team-swiss"]
[EventDate "2013.12.26"]

1. d4 Nf6 2. Bf4 d5 3. e3 Bf5 4. Nf3 e6 5. c3 Bd6 6. Bg3 Bxg3 7. hxg3 Nbd7 8.
Bd3 Bxd3 9. Qxd3 a6 10. Nbd2 c5 11. Ne5 c4 12. Qc2 h6 13. Nxd7 Qxd7 14. e4 Qc6
15. e5 Ng8 16. f4 Ne7 17. g4 Qd7 18. O-O-O O-O-O 19. Rdf1 g6 20. Nf3 Rdg8 21.
Rh3 Rg7 22. Rfh1 Rgh7 23. Ng5 Rg7 24. Rxh6 Rxh6 25. Rxh6 Kc7 26. Rh7 Rxh7 27.
Nxh7 Qe8 28. Ng5 b5 29. g3 Qg8 30. Qh2 Nc6 31. Qh7 Qxh7 32. Nxh7 a5 33. Nf6 Nd8
34. Ne8+ Kb6 35. Nd6 Kc6 36. Kd2 Kb6 37. Ke3 b4 38. g5 b3 39. a3 Kc6 40. g4 Kd7
41. f5 Ke7 42. Kf4 1/2-1/2